| 000 | 00388nam a2200169Ia 4500 | ||
|---|---|---|---|
| 008 | 210210b1948 xxu||||| |||| 00| 0 eng d | ||
| 041 | _aeng | ||
| 082 | _a829/70 | ||
| 100 | _aBENNETT (A) | ||
| 245 | _aOld wives tale | ||
| 260 |
_aLondon _bHodder and Stoughton Limited _c1948 |
||
| 650 | _awives | ||
| 650 | _atale | ||
| 650 | _aOld | ||
| 690 | _aEnglish Fiction | ||
| 906 | _a016680 | ||
| 999 |
_c136345 _d136345 |
||